000 00422nam a2200169Ia 4500
005 20250508152153.0
008 008 250505s9999 xx 000 0 hin d
037 _aTextual
040 _aFEDL
_beng
_cFEDL
041 _ahin
_2eng
084 _aFH, ABB
_qFEDL
100 _aKhwja Ahmad Abbas
_9760950
245 0 _aAvadh ki shyam
300 _a159p.
942 _cTEXL
_hFH, ABB
999 _c1334729
_d1334729